000
00274nam a22001217a 4500
008
180911b xxu||||| |||| 00| 0 eng d
041
_a
eng
080
_a
338
100
_a
54
101
_a
MAN
245
_a
Successful Engineering Management
_c
Hicks T.G
942
_2
udc
_c
BK
999
_c
47656
_d
47656